| 000 | 00632nam a2200205Ia 4500 | ||
|---|---|---|---|
| 003 | GCL | ||
| 008 | 140319s9999 xx 000 0 ara d | ||
| 040 |
_aGCL / _cGCL |
||
| 082 | 0 | 4 |
_aط _b372.52 _bح ا |
| 100 | 1 | _aحسين ابو زيد | |
| 245 | 1 | 0 |
_aحيوانات الغابة / _cحسين ابو زيد |
| 260 |
_a[S.N] : _bمركز الاهرام للترجمة والنشر ، _c1989 |
||
| 300 | _a16 ص | ||
| 490 |
_aالوان الوان الوان _v0 |
||
| 650 | 0 | 4 | _aالاطفال |
| 650 | 0 | 4 | _aالتصوير الملون |
| 650 | 0 | 4 | _aالتلوين |
| 650 | 0 | 4 | _aالرسم بالالوان |
| 942 |
_2ddc _cBK |
||
| 999 |
_c56475 _d56475 |
||